Business Statistics With Solutions In R (Record no. 27518)
[ view plain ]
| 000 -LEADER | |
|---|---|
| fixed length control field | 00397nam a2200157Ia 4500 |
| 003 - CONTROL NUMBER IDENTIFIER | |
| control field | OSt |
| 005 - DATE AND TIME OF LATEST TRANSACTION | |
| control field | 20250318122705.0 |
| 008 - FIXED-LENGTH DATA ELEMENTS--GENERAL INFORMATION | |
| fixed length control field | 240827s9999 xx 000 0 und d |
| 020 ## - INTERNATIONAL STANDARD BOOK NUMBER | |
| ISBN | 9781547417469 |
| 100 ## - MAIN ENTRY--AUTHOR NAME | |
| Personal name | Akinkunmi, Mustapha Abiodun |
| 245 #0 - TITLE STATEMENT | |
| Title | Business Statistics With Solutions In R |
| 250 ## - EDITION STATEMENT | |
| Edition statement | 1 |
| 260 ## - PUBLICATION, DISTRIBUTION, ETC. (IMPRINT) | |
| Name of publisher | De Gruyter |
| Year of publication | 2019 |
| Place of publication | Berlin |
| 300 ## - PHYSICAL DESCRIPTION | |
| Number of Pages | xii,263p. |
| Accompanying material | Pbk |
| 942 ## - ADDED ENTRY ELEMENTS (KOHA) | |
| Koha item type | Books |
| Source of classification or shelving scheme | Dewey Decimal Classification |
| Withdrawn status | Lost status | Damaged status | Not for loan | Home library | Current library | Department | Date acquired | Total Checkouts | Full call number | Accession Number | Koha item type | Collection code | Source of acquisition |
|---|---|---|---|---|---|---|---|---|---|---|---|---|---|
| Central University Of Rajasthan | Central University Of Rajasthan | 27/08/2024 | 1 | 519.5 A52B | 44506 | Books | |||||||
| Central University Of Rajasthan | Central University Of Rajasthan | 27/08/2024 | 519.5 A52B | 44507 | Books | ||||||||
| Central University Of Rajasthan | Central University Of Rajasthan | 27/08/2024 | 519.5 A52B | 44508 | Books | ||||||||
| Central University Of Rajasthan | Central University Of Rajasthan | 27/08/2024 | 519.5 A52B | 44509 | Books | ||||||||
| Central University Of Rajasthan | Central University Of Rajasthan | 27/08/2024 | 519.5 A52B | 44510 | Books | Reserve Text Book | |||||||
| Central University Of Rajasthan | Central University Of Rajasthan | 18/03/2025 | 519.5 A52B | 045728 | Books | General Text Book | STI |
